Subjektivität und Objektivität in den Wissenschaften: Vorträge des Studium generale im Wintersemester 1989/90
| Otros Autores: | |
|---|---|
| Tipo de documento: | Print Libro |
| Lenguaje: | Alemán |
| Publicado: |
Münster
Regensberg
1990
|
| En: |
Akademische Reden und Beiträge (7)
Año: 1990 |
| Disponibilidad en Tübingen: | Disponible en Tübingen. IFK: Q II 172 |
| Verificar disponibilidad: | HBZ Gateway |
| Servicio de pedido Subito: | Pedir ahora. |
| Palabras clave: |
MARC
| LEADER | 00000cam a2200000 c 4500 | ||
|---|---|---|---|
| 001 | 27503321X | ||
| 003 | DE-627 | ||
| 005 | 20260206194002.0 | ||
| 007 | tu | ||
| 008 | 910809s1990 gw ||||| 00| ||ger c | ||
| 015 | |a 90,N22,0222 |2 dnb | ||
| 015 | |a 91,A23,0009 |2 dnb | ||
| 016 | 7 | |a 900777869 |2 DE-101 | |
| 020 | |a 3792305933 |9 3-7923-0593-3 | ||
| 035 | |a (DE-627)27503321X | ||
| 035 | |a (DE-603)01257841X | ||
| 035 | |a (DE-576)025220756 | ||
| 035 | |a (DE-599)GBV27503321X | ||
| 035 | |a (OCoLC)231038003 | ||
| 035 | |a (OCoLC)25508732 | ||
| 040 | |a DE-627 |b ger |c DE-627 |e rakwb | ||
| 041 | |a ger | ||
| 044 | |c XA-DE | ||
| 050 | 0 | |a BD222 | |
| 084 | |a 01 |2 sdnb | ||
| 084 | |a 01 |a 10 |2 sdnb | ||
| 084 | |a AK 24200 |2 rvk |0 (DE-625)rvk/2557: | ||
| 084 | |a CC 3200 |2 rvk |0 (DE-625)rvk/17614: | ||
| 245 | 0 | 0 | |a Subjektivität und Objektivität in den Wissenschaften |b Vorträge des Studium generale im Wintersemester 1989/90 |c hrsg. von Volkmar Leute |
| 264 | 1 | |a Münster |b Regensberg |c 1990 | |
| 300 | |a 195 S. | ||
| 336 | |a Text |b txt |2 rdacontent | ||
| 337 | |a ohne Hilfsmittel zu benutzen |b n |2 rdamedia | ||
| 338 | |a Band |b nc |2 rdacarrier | ||
| 490 | 1 | |a Akademische Reden und Beiträge / Westfälische Wilhelms-Universität Münster |v 7 | |
| 500 | |a A series of lectures given at the University of Münster in conjunction with its Studium Generale | ||
| 583 | 1 | |a Archivierung prüfen |c 20240324 |f DE-4165 |z 3 |2 pdager | |
| 650 | 0 | 7 | |0 (DE-588)4066562-8 |0 (DE-627)104393998 |0 (DE-576)209165138 |a Wissenschaft |2 gnd |
| 650 | 0 | 7 | |0 (DE-588)4058323-5 |0 (DE-627)106147706 |0 (DE-576)209125764 |a Subjektivität |2 gnd |
| 650 | 0 | 7 | |0 (DE-588)4172310-7 |0 (DE-627)10538819X |0 (DE-576)209942622 |a Objektivität |2 gnd |
| 653 | 0 | |a Subjectivity | |
| 653 | 0 | |a Objectivity | |
| 653 | 0 | |a Science |a Philosophy | |
| 655 | 7 | |a Aufsatzsammlung |0 (DE-588)4143413-4 |0 (DE-627)105605727 |0 (DE-576)209726091 |2 gnd-content | |
| 689 | 0 | 0 | |d s |0 (DE-588)4066562-8 |0 (DE-627)104393998 |0 (DE-576)209165138 |a Wissenschaft |2 gnd |
| 689 | 0 | 1 | |d s |0 (DE-588)4058323-5 |0 (DE-627)106147706 |0 (DE-576)209125764 |a Subjektivität |2 gnd |
| 689 | 0 | 2 | |d s |0 (DE-588)4172310-7 |0 (DE-627)10538819X |0 (DE-576)209942622 |a Objektivität |2 gnd |
| 689 | 0 | |5 DE-101 | |
| 700 | 1 | |8 1\p |a Leute, Volkmar |d 1938- |e Hrsg. |0 (DE-588)112495662X |0 (DE-627)879279591 |0 (DE-576)483268461 |4 edt | |
| 810 | 2 | |a Westfälische Wilhelms-Universität Münster |t Akademische Reden und Beiträge |v 7 |9 7 |w (DE-627)130977101 |w (DE-576)016592662 |w (DE-600)1073569-0 |7 am | |
| 883 | |8 1\p |a cgwrk |d 20241001 |q DE-101 |u https://d-nb.info/provenance/plan#cgwrk | ||
| 889 | |w (DE-627)025380354 | ||
| 935 | |i mdedup | ||
| 935 | |i Blocktest | ||
| 936 | r | v | |a AK 24200 |b Objektivität |k Allgemeines |k Wissenschaftskunde und Wissenschaftsorganisation |k Theorie und Praxis, Technologieproblem |k Objektivität |0 (DE-627)1270656813 |0 (DE-625)rvk/2557: |0 (DE-576)200656813 |
| 936 | r | v | |a CC 3200 |b Abhandlungen zur allgemeinen Wissenschaftstheorie |k Philosophie |k Systematische Philosophie |k Allgemeine Wissenschaftstheorie |k Abhandlungen zur allgemeinen Wissenschaftstheorie |0 (DE-627)1270638769 |0 (DE-625)rvk/17614: |0 (DE-576)200638769 |
| 936 | s | n | |a a100 |2 mzub |
| 936 | s | n | |a c100 |2 mzub |
| 951 | |a BO | ||
| ELC | |b 1 | ||
| LOK | |0 000 xxxxxcx a22 zn 4500 | ||
| LOK | |0 001 3074071044 | ||
| LOK | |0 003 DE-627 | ||
| LOK | |0 004 27503321X | ||
| LOK | |0 005 20020607000000 | ||
| LOK | |0 008 940929||||||||||||||||ger||||||| | ||
| LOK | |0 040 |a DE-21-110 |c DE-627 |d DE-21-110 | ||
| LOK | |0 852 |a DE-21-110 | ||
| LOK | |0 852 1 |c Q II 172 |m p |9 00 | ||
| LOK | |0 935 |a k110 | ||
| LOK | |0 936ln |a 1.6 | ||
| LOK | |0 938 |k p | ||
| LOK | |0 939 |a 29-09-94 |b l01 | ||
| ORI | |a SA-MARC-krimdoka001.raw | ||
| SIG | |a IFK: Q II 172 | ||
